India wins freedom (Record no. 2460)
[ view plain ]
| 000 -LEADER | |
|---|---|
| fixed length control field | 00401nam a2200169Ia 4500 |
| 001 - CONTROL NUMBER | |
| control field | 2150 |
| 008 - FIXED-LENGTH DATA ELEMENTS--GENERAL INFORMATION | |
| fixed length control field | 140314s9999 xx 000 0 und d |
| 020 ## - INTERNATIONAL STANDARD BOOK NUMBER | |
| International Standard Book Number | 9694020158 |
| 040 ## - CATALOGING SOURCE | |
| Transcribing agency | PK-LaUMT |
| 082 ## - DEWEY DECIMAL CLASSIFICATION NUMBER | |
| Classification number | 954.03 |
| Item number | ABU-I |
| 100 ## - MAIN ENTRY--PERSONAL NAME | |
| Personal name | Abul Kalam Azad |
| 245 ## - TITLE STATEMENT | |
| Title | India wins freedom |
| Statement of responsibility, etc | Abul Kalam Azad |
| 260 ## - PUBLICATION, DISTRIBUTION, ETC. (IMPRINT) | |
| Place of publication, distribution, etc | Lahore,Pakistan: |
| Name of publisher, distributor, etc | Vanguard, |
| Date of publication, distribution, etc | 1989 |
| 300 ## - PHYSICAL DESCRIPTION | |
| Extent | 283 p. |
| 546 ## - LANGUAGE NOTE | |
| Language note | EN |
| 942 ## - ADDED ENTRY ELEMENTS (KOHA) | |
| Koha item type | Books |
| Withdrawn status | Lost status | Source of classification or shelving scheme | Damaged status | Not for loan | Home library | Current library | Date acquired | Total Checkouts | Full call number | Barcode | Date last seen | Date checked out | Price effective from | Koha item type |
|---|---|---|---|---|---|---|---|---|---|---|---|---|---|---|
| Dewey Decimal Classification | UMT Main Campus | UMT Main Campus | 2014-03-14 | 1 | 954.03 ABU-I | 2188 | 2022-01-10 | 2021-12-27 | 2014-03-14 | Books | ||||
| Dewey Decimal Classification | UMT Main Campus | UMT Main Campus | 2014-05-27 | 12 | 954.03 ABU-I | 5948 | 2024-06-01 | 2024-05-18 | 2014-05-27 | Books |
